Giáo trình tâm lý học : Chương trình bồi dưỡng nghiệp vụ sư phạm bậc I

Sách gồm 2 phần, 6 chương và 138 trang, trình bày những vấn đề chung của tâm lý học, quá trình và trạng thái tâm lý cơ bản, những thuộc tính tâm lý cơ bản. Và quan trọng là các vấn đề tâm lý học sư phạm dạy nghề; tâm lý lứa tuổi học sinh t...

תיאור מלא

שמור ב:
מידע ביבליוגרפי
מחבר ראשי: Đỗ, Thị Hường
פורמט: ספר
שפה:Undetermined
יצא לאור: Hà Nội Nhà xuất bản Hà Nội 2006
נושאים:
תגים: הוספת תג
אין תגיות, היה/י הראשונ/ה לתייג את הרשומה!
Thư viện lưu trữ: Trung tâm Học liệu Trường Đại học Cần Thơ
LEADER 01077nam a2200217Ia 4500
001 CTU_118582
008 210402s9999 xx 000 0 und d
020 |c 19000 
082 |a 150 
082 |b H561 
100 |a Đỗ, Thị Hường 
245 0 |a Giáo trình tâm lý học : 
245 0 |b Chương trình bồi dưỡng nghiệp vụ sư phạm bậc I 
245 0 |c Đỗ Thị Hường, Bùi Tất Thơn 
260 |a Hà Nội 
260 |b Nhà xuất bản Hà Nội 
260 |c 2006 
520 |a Sách gồm 2 phần, 6 chương và 138 trang, trình bày những vấn đề chung của tâm lý học, quá trình và trạng thái tâm lý cơ bản, những thuộc tính tâm lý cơ bản. Và quan trọng là các vấn đề tâm lý học sư phạm dạy nghề; tâm lý lứa tuổi học sinh trung học chuyên nghiệp và dạy nghề 
650 |a Psychology 
904 |i Năm 
980 |a Trung tâm Học liệu Trường Đại học Cần Thơ